| 000 | 01207cas a2200337 a 4500 | ||
|---|---|---|---|
| 001 | 12804085 | ||
| 003 | OSt | ||
| 005 | 20120111105520.0 | ||
| 008 | 020605c20019999ug ar p g 0 0eng | ||
| 010 | _a 2001295054 | ||
| 035 | _a(OCoLC)ocm49921378 | ||
| 037 | _bLaw Development Centre, 339 Kagugube Road, Off Makerere Hill Road, P.O. Box 7117, Kampala, Uganda | ||
| 040 |
_aDLC _cDLC _dDLC |
||
| 042 | _alc | ||
| 043 | _af-ug--- | ||
| 050 | 0 | 0 |
_aK23 _b.C665 |
| 245 | 0 | 4 |
_aThe scope magazine 2005 issue _cLaw Development Centre. |
| 260 |
_aKampala, Uganda : _bLDC Publishers, _c[2005]- |
||
| 300 |
_av. : _bill. (some col.) ; _c30 cm. |
||
| 310 | _aAnnual | ||
| 362 | 0 | _aVol. 1, no. 1 (Feb. 2001)- | |
| 500 | _aTitle from cover. | ||
| 500 | _aLatest issue consulted: Issue no. 4 (2004). | ||
| 515 | _aDesignated by volume, number, and date, v. 1, no. 1 (Feb. 2001)-v. 1, no. 3 (Feb. 2003); by continuous numbering and year, issue no. 4 (2004). | ||
| 650 | 0 |
_aLaw _zUganda _vPeriodicals. _96467 |
|
| 710 | 2 |
_aLaw Development Centre. _91837 |
|
| 906 |
_a7 _bcbc _cserials _d2 _encip _f20 _gn-oclcserc |
||
| 942 |
_2ddc _cLRT |
||
| 999 |
_c5040 _d5040 |
||